Middle Earth: Who owns the Weapon? - Statistics

General Stats
  • This quiz has been taken 99 times
  • The average score is 7 of 12
Answer Stats
Hint Answer % Correct
Sting Frodo
100%
Glamdring Gandalf
92%
Anduril Aragorn
90%
Narsil Elendil
89%
Orcrist Thorin
79%
Grond Morgoth
61%
Aeglos Gil-galad
37%
Gurthang Turin
36%
Guthwine Eomer
33%
Herugrim Theoden
33%
Ringil Fingolfin
27%
Angrist Curufin
22%
No matching quizzes found
Score Distribution
Percent of People with Each Score
Percentile by Number Answered
Your Score History
You have not taken this quiz